000 00433nam a2200181Ia 4500
001 2681
005 20260306144824.0
008 260306t1977||||xx |||||||||||||| ||spa||
041 _aESP
082 _a210
_bP77
100 _aPonce de la Fuente, Constantino
_eAUT
245 0 _aBeatus vir:
_bcarne de hoguera
260 _c1977
300 _a361 páginas :
_c20 cm.
650 _aGEN
654 _aCHU
942 _cLIB
_dJUS
_fJUS
_2ddc
_n
999 _c2681
_d2681